[Event "WJun"]
[Site "Yerevan ARM"]
[Date "2006.10.04"]
[Round "2"]
[White "Chernih,Nic"]
[Black "Le Quang Liem"]
[Result "0-1"]
[WhiteElo "2062"]
[BlackElo "2519"]

1.e4 c5 2.Nf3 d6 3.d4 cxd4 4.Nxd4 Nf6 5.Nc3 a6 6.Bg5 e6 7.f4 Be7 8.Qf3 Qa5
9.O-O-O Bd7 10.Bxf6 Bxf6 11.e5 dxe5 12.fxe5 Bc6 13.Nxc6 Bg5+ 14.Kb1 Nxc6
15.Ne4 Be7 16.Nd6+ Bxd6 17.exd6 Rd8 18.Bd3 Rxd6 19.Rhf1 Qc7 20.Qg3 g6 21.Rf6 O-O
22.Rdf1 Rd7 23.R1f4 Rc8 24.Qe1 Ne5 25.Be4 Rcd8 26.Rf1 Ng4 27.Bd3 Nxf6 28.Rxf6 Qxh2
29.g3 Qh5 30.Rf4 Rd4 31.Rf1 Qg5 32.Qf2 R8d7 33.a3 h5 34.Qf3 Rg4 35.Bxg6 Qxg6
36.Qc3 Rgd4 37.Ka2 Qg5 38.b3 R4d5 39.Rf2 Rc5 40.Qf3 Rf5  0-1

[Event "WJun"]
[Site "Yerevan ARM"]
[Date "2006.10.05"]
[Round "3"]
[White "Le Quang Liem"]
[Black "Gorovets,A"]
[Result "0-1"]
[WhiteElo "2519"]
[BlackElo "2368"]

1.d4 f5 2.g3 Nf6 3.Bg2 g6 4.c3 Bg7 5.Qb3 Nc6 6.Nd2 d5 7.Nh3 a5 8.a4 e6 9.Nf4 b6
10.h4 Qd7 11.Nf3 Ne4 12.h5 g5 13.h6 Bf6 14.Nh5 Qf7 15.Nd2 Nxd2 16.Bxd2 Bb7
17.g4 fxg4 18.e4 O-O-O 19.e5 Bxe5 20.dxe5 Nxe5 21.O-O-O Nd3+ 22.Kb1 Nxf2
23.Be3 Qg6+ 24.Ka1 Nxh1 25.Rxh1 e5 26.Ng7 d4 27.Bxb7+ Kxb7 28.cxd4 exd4 29.Bd2 Rd6
30.Rc1 Rf8 31.Qb5 c6 32.Qe5 Rd7 33.Bxg5 d3 34.Rg1 Qf7 35.Qc3 Qd5 36.Be3 g3
37.Qd2 Rf3 38.Rc1 g2 39.Bxb6 Kxb6 40.Qxg2 d2 41.Qg1+ Kb7 42.Rd1 Rf4 43.b3 Qxb3  0-1

[Event "WJun"]
[Site "Yerevan ARM"]
[Date "2006.10.06"]
[Round "4"]
[White "Movsisian,V"]
[Black "Le Quang Liem"]
[Result "0-1"]
[WhiteElo "2293"]
[BlackElo "2519"]

1.e4 c5 2.Nf3 d6 3.Nc3 Nf6 4.e5 dxe5 5.Nxe5 a6 6.a4 e6 7.Nc4 b6 8.Be2 Bb7
9.Bf3 Nc6 10.O-O Qc7 11.d3 Be7 12.Bg5 O-O 13.Qd2 Nd4 14.Bxb7 Qxb7 15.Ne3 Rad8
16.Rae1 b5 17.axb5 axb5 18.Bxf6 Bxf6 19.Ng4 Be7 20.Re3 Nf5 21.Rh3 c4 22.Qf4 b4
23.Ne4 b3 24.c3 Rxd3 25.Ng3 Nh4 26.f3 Qd5 27.Ne5 Ng6 28.Nxg6 fxg6 29.Qc1 Bc5+
30.Kh1 Rfxf3 31.gxf3 Rxf3 32.Ne4 Rxh3 33.Qf4 h6 34.Re1 Rh5  0-1

[Event "WJun"]
[Site "Yerevan ARM"]
[Date "2006.10.07"]
[Round "5"]
[White "Le Quang Liem"]
[Black "Melkumyan,H"]
[Result "1-0"]
[WhiteElo "2519"]
[BlackElo "2391"]

1.d4 Nf6 2.Nf3 e6 3.c4 b6 4.g3 Ba6 5.b3 Bb4+ 6.Bd2 Be7 7.Bg2 c6 8.Bc3 d5
9.Ne5 Nfd7 10.Nxd7 Nxd7 11.Nd2 O-O 12.O-O Rc8 13.Re1 b5 14.e4 dxe4 15.Bxe4 bxc4
16.Nxc4 Bxc4 17.bxc4 Bf6 18.Rb1 c5 19.Qd3 cxd4 20.Bxd4 Bxd4 21.Qxd4 Nc5 22.Qe3 g6
23.Red1 Qc7 24.Bf3 Rfd8 25.h4 Rxd1+ 26.Rxd1 Qe7 27.Kg2 h5 28.Rb1 a6 29.Rd1 Qf6
30.Rd4 Rc7 31.Qd2 Kg7 32.Rd8 Qe5 33.Kh2 Kh7 34.Bg2 Re7 35.Rc8 Rc7 36.f4  1-0

[Event "WJun"]
[Site "Yerevan ARM"]
[Date "2006.10.08"]
[Round "6"]
[White "Le Quang Liem"]
[Black "Magalashvili,D"]
[Result "1/2-1/2"]
[WhiteElo "2519"]
[BlackElo "2459"]

1.d4 Nf6 2.Nf3 e6 3.c4 b6 4.g3 Ba6 5.b3 Bb4+ 6.Bd2 Be7 7.Bg2 c6 8.O-O d5
9.Ne5 O-O 10.Bc3 Bb7 11.Nd2 Na6 12.e3 Rc8 13.Bb2 Rc7 14.Qe2 c5 15.Rac1 Qc8
16.Rfd1 Rd8 17.dxc5 Nxc5 18.Ng4 Ncd7 19.cxd5 Bxd5 20.Bxd5 Nxd5 21.Nc4 N5f6
22.Nxf6+ Nxf6 23.Ne5 Rxd1+ 24.Rxd1 Rc2 25.Rd2 Rxd2 26.Qxd2 h6 27.Qc1 Qxc1+
28.Bxc1 Bd6 29.Nc6 a6 30.Kf1 Kf8 31.f3 Nd5 32.Bd2 Ke8 33.e4 Ne7 34.Nd4 Kd7
35.Ke2 h5 36.Kd3 Nc6  1/2-1/2

[Event "WJun"]
[Site "Yerevan ARM"]
[Date "2006.10.09"]
[Round "7"]
[White "Warakomski,T"]
[Black "Le Quang Liem"]
[Result "1-0"]
[WhiteElo "2446"]
[BlackElo "2519"]

1.e4 c5 2.Nf3 d6 3.d4 cxd4 4.Nxd4 Nf6 5.Nc3 a6 6.f4 e5 7.Nf3 Qc7 8.a4 Be7
9.Bd3 b6 10.O-O O-O 11.Kh1 h6 12.Qe1 Nbd7 13.Qg3 Nh5 14.Qf2 Ndf6 15.fxe5 dxe5
16.Nd5 Nxd5 17.exd5 Nf6 18.Qg3 Bd6 19.Qh4 Nh7 20.Bxh7+ Kxh7 21.Bxh6 gxh6
22.Ng5+ Kg8 23.Rf6 Bf5 24.Rxh6 Kg7 25.Rh7+ Bxh7 26.Qxh7+ Kf6 27.Rf1+ Ke7
28.Rxf7+ Ke8 29.Rxf8+  1-0

[Event "WJun"]
[Site "Yerevan ARM"]
[Date "2006.10.11"]
[Round "8"]
[White "Sengupta,D"]
[Black "Le Quang Liem"]
[Result "0-1"]
[WhiteElo "2420"]
[BlackElo "2519"]

1.e4 c5 2.Nf3 d6 3.d4 cxd4 4.Nxd4 Nf6 5.Nc3 a6 6.Be2 e5 7.Nb3 Be7 8.Bg5 Be6
9.Bxf6 Bxf6 10.Qd3 O-O 11.O-O-O Qb6 12.Rhf1 Nc6 13.Qxd6 Bxb3 14.axb3 Rad8
15.Qa3 Be7 16.Qa4 Nd4 17.Bd3 Qh6+ 18.Kb1 Qxh2 19.Nd5 Bg5 20.Rh1 Qxg2 21.Rdg1 Qf3
22.Rh2 Ne6 23.Qb4 h6 24.Qe1 Rxd5 25.exd5 Qxd5 26.Bc4 Qd6 27.Qe4 Nc5 28.Qf5 b5
29.Rxg5 bxc4 30.b4 Ne6 31.Rg1 Nd4 32.Qg4 Qf6 33.Rhg2 g6 34.Qe4 Kg7 35.Rd1 c3
36.bxc3 Nb5 37.Rd3 Rc8 38.Kb2 Nd6 39.Qd5 e4 40.Rdg3 Nf5 41.Qd7 Ne7 42.Qd4 Qxd4
43.cxd4 Nf5 44.Rc3 Rd8 45.Rc6 Rxd4 46.Kc3 Rd1 47.Rxa6 h5 48.b5 Rb1 49.b6 h4
50.Ra4 Rxb6 51.Rxe4 Kh6 52.Rb4 Re6 53.Kd3 Rd6+ 54.Ke4 Rd2 55.c4 Rd4+ 56.Ke5 Kg7
57.f3 f6+ 58.Ke6 Rd6+  0-1

[Event "WJun"]
[Site "Yerevan ARM"]
[Date "2006.10.12"]
[Round "9"]
[White "Le Quang Liem"]
[Black "Gomez,Joh"]
[Result "0-1"]
[WhiteElo "2519"]
[BlackElo "2387"]

1.d4 Nf6 2.Nf3 e6 3.c4 b6 4.g3 Ba6 5.b3 Bb4+ 6.Bd2 Be7 7.Bg2 O-O 8.O-O d5
9.Bc3 Nbd7 10.Nbd2 Bb7 11.e3 c5 12.Bb2 Rc8 13.Qe2 Rc7 14.cxd5 Nxd5 15.e4 Nb4
16.Nc4 cxd4 17.Nxd4 Ba6 18.Rfd1 Qc8 19.a3 Nc6 20.Nxc6 Rxc6 21.Qg4 Nf6 22.Bxf6 Bxf6
23.e5 Rxc4 24.bxc4 Bxe5 25.Rab1 g6 26.a4 Qc7 27.Rbc1 Rc8 28.Rc2 Kg7 29.Qe4 Bf6
30.Qe3 h5 31.h4 Qe7 32.Bf1 Rc5 33.Rcd2 Bc8 34.Ra2 Qc7 35.Qd3 Be7 36.Rb2 Qc6
37.Rb5 Bb7 38.f3 Bf6 39.Kh2 Rxc4 40.Bg2 Rxa4 41.Qb3 Rc4 42.Rb4 Rc3 43.Qa4 Qxa4
44.Rxa4 a5 45.Rb1 Bc6 46.Ra2 Bd5 47.Rab2 Bxf3 48.Bxf3 Rxf3 49.Rxb6 Be5 50.R6b3 Bxg3+
51.Kh3 Rxb3 52.Rxb3 Be1 53.Rb7 Kf6 54.Ra7 e5 55.Rb7 Ke6 56.Ra7 f6 57.Ra6+ Kf5
58.Rc6 g5 59.hxg5 fxg5 60.Kg2 h4 61.Rc8 g4 62.Rf8+ Ke4 63.Rg8 h3+ 64.Kh2 Kf3
65.Rf8+ Ke2 66.Re8 Kf1 67.Rxe5 g3+ 68.Kxh3 g2 69.Rf5+ Bf2 70.Re5 a4 71.Re8 a3  0-1

[Event "WJun"]
[Site "Yerevan ARM"]
[Date "2006.10.13"]
[Round "10"]
[White "Kalashian,D"]
[Black "Le Quang Liem"]
[Result "1/2-1/2"]
[WhiteElo "2381"]
[BlackElo "2519"]

1.e4 c5 2.Nf3 d6 3.Nc3 a6 4.d4 cxd4 5.Nxd4 Nf6 6.Be2 e5 7.Nb3 Be7 8.O-O O-O
9.Qd3 Be6 10.Nd5 Bxd5 11.exd5 Nbd7 12.Be3 Rc8 13.c4 a5 14.a3 g6 15.Nd2 a4
16.b4 axb3 17.Qxb3 Qc7 18.Rfb1 Rb8 19.Qb5 Rfc8 20.a4 b6 21.a5 bxa5 22.Qxa5 Bd8
23.Qxc7 Bxc7 24.Ra6 Ne8 25.g4 f5 26.gxf5 gxf5 27.Bg5 Bd8 28.Bxd8 Rxd8 29.Rxb8 Rxb8
30.Nf3 Nc5 31.Ra7 Rb1+ 32.Bf1 Nf6 33.Nh4 Nce4 34.Nxf5 Nd2 35.Ne3 Rc1 36.Ra4 Kf7
37.h3 Kg6 38.Kg2 Nh5 39.Bd3+ e4 40.Ra2 Nf4+ 41.Kg3 Nh5+ 42.Kg2 Nf4+ 43.Kg3 Nxd3
44.Rxd2 Kf6 45.Rd1 Rc3 46.Ra1 h5 47.h4 Ke5 48.Kg2 Nf4+ 49.Kg3 Nd3 50.Ra8 Kd4
51.Ra4 Nb2 52.Rb4 Nd3 53.Ra4 Nc5 54.Ra8 Nd3 55.Ra4  1/2-1/2

[Event "WJun"]
[Site "Yerevan ARM"]
[Date "2006.10.15"]
[Round "12"]
[White "Tonoian,A"]
[Black "Le Quang Liem"]
[Result "0-1"]
[WhiteElo "2400"]
[BlackElo "2519"]

1.d4 Nf6 2.c4 e6 3.Nc3 Bb4 4.Qc2 O-O 5.a3 Bxc3+ 6.Qxc3 b6 7.Bg5 Bb7 8.e3 d6
9.Ne2 Nbd7 10.Qd3 Ba6 11.Nc3 d5 12.Qc2 Bxc4 13.Bxc4 dxc4 14.Qe2 c5 15.Rd1 cxd4
16.Rxd4 Qe7 17.Ne4 Rfd8 18.Rxd7 Rxd7 19.Qf3 Rad8 20.O-O Nxe4 21.Bxe7 Nd2
22.Qg4 Rxe7 23.Re1 Red7 24.h4 b5 25.e4 Rd4 26.Qg5 a6 27.f4 Nb3 28.Re3 h6
29.Qe7 R4d7 30.Qb4 Rd1+ 31.Kh2 Nd2 32.Kh3 Rh1+ 33.Kg4 Nxe4 34.Rxe4 f5+ 35.Kh5 fxe4
36.Qe7 Rhd1 37.Qxe6+ Kh8 38.f5 R1d5 39.Qxe4 Kh7 40.Qe7 Rxf5+ 41.Kg4 Rfd5  0-1

[Event "Masters"]
[Site "Singapore SIN"]
[Date "2006.12.26"]
[Round "2"]
[White "Lim Yee Weng"]
[Black "Le Quang Liem"]
[Result "0-1"]
[WhiteElo "2307"]
[BlackElo "2519"]

1.e4 c5 2.c3 d5 3.exd5 Qxd5 4.d4 Nf6 5.Nf3 e6 6.Be3 cxd4 7.cxd4 Nc6 8.Nc3 Qd6
9.Bd3 Be7 10.O-O O-O 11.Qe2 b6 12.a3 Bb7 13.Rad1 Rad8 14.Rfe1 Qb8 15.Bb1 Rd7
16.Bg5 Qd8 17.Qc2 g6 18.Be3 Qc8 19.Ba2 Rfd8 20.Rd2 Na5 21.Ne5 Rc7 22.Bg5 Bd5
23.Bb1 Qa8 24.Qd3 Bxg2 25.Qe3 Nd5 26.Qg3 Bxg5 27.Qxg5 Bh3 28.Nxd5 Qxd5 29.Qg3 f6
30.Nxg6 hxg6 31.Qxh3 Qg5+ 32.Kf1  0-1

[Event "Masters"]
[Site "Singapore SIN"]
[Date "2006.12.27"]
[Round "3"]
[White "Le Quang Liem"]
[Black "Gong Qianyun"]
[Result "1-0"]
[WhiteElo "2519"]
[BlackElo "2278"]

1.d4 f5 2.g3 Nf6 3.Bg2 e6 4.c4 d5 5.Nh3 c6 6.O-O Be7 7.b3 O-O 8.Ba3 Bxa3
9.Nxa3 Qe7 10.Qc1 Nbd7 11.Qb2 Ne4 12.Nf4 Ndf6 13.Rac1 Bd7 14.Nd3 Be8 15.Nc2 dxc4
16.bxc4 Nd2 17.Rfd1 Nxc4 18.Qb3 Nd6 19.Nce1 Nd5 20.Ne5 Bh5 21.Rd2 a5 22.N1d3 Nb5
23.a4 Nxd4 24.Qb2 Nxe2+ 25.Rxe2 Bxe2 26.Qxe2 Rad8 27.Re1 Rfe8 28.h4 Qa3 29.h5 Nc3
30.Qd2 Nxa4 31.h6 g6 32.Qxa5 Ra8 33.Qd2 Nc5 34.Qg5 Nxd3 35.Nxg6 Re7 36.Nxe7+ Kf7
37.Qg7+  1-0

[Event "Masters"]
[Site "Singapore SIN"]
[Date "2006.12.27"]
[Round "4"]
[White "Shen Siyuan"]
[Black "Le Quang Liem"]
[Result "1/2-1/2"]
[WhiteElo "2292"]
[BlackElo "2519"]

1.Nf3 Nf6 2.d4 d5 3.Bf4 g6 4.c3 Bg7 5.Nbd2 O-O 6.e3 Nbd7 7.Ne5 c5 8.Be2 b6
9.O-O Bb7 10.Qa4 a6 11.Rad1 Re8 12.Bf3 e6 13.Qc2 Qc8 14.Qb1 b5 15.Rc1 Bf8
16.Nxd7 Qxd7 17.Bg5 Kg7 18.Rfd1 c4 19.e4 Nxe4 20.Nxe4 dxe4 21.Bxe4 Be7 22.Bxe7 Rxe7
23.Re1 Rd8 24.h3 a5 25.Bxb7 Qxb7 26.Qe4 Rd5 27.a3 Red7 28.Qf3 Qc7 29.Qe2 h5
30.Rc2 Rf5 31.Qe3 Rdd5 32.Rce2 h4 33.Qe4 Rf4 34.Qc2 Rdf5 35.f3 Rg5 36.Re5 Rff5
37.Rxf5 Rxf5 38.Re4 g5 39.Qd2 Qd6 40.Qe3 Kf6 41.Qe2 Qd5 42.Qe1 Kg6 43.Kh1 Qd6
44.Qe2 a4 45.Kg1 Kg7 46.Qe3  1/2-1/2

[Event "Masters"]
[Site "Singapore SIN"]
[Date "2006.12.28"]
[Round "6"]
[White "Nguyen Ngoc Truongson"]
[Black "Le Quang Liem"]
[Result "1/2-1/2"]
[WhiteElo "2534"]
[BlackElo "2519"]

1.d4 Nf6 2.Nf3 e6 3.Bg5 c5 4.Bxf6 Qxf6 5.e3 Nc6 6.c3 d5 7.Be2 Bd6 8.Nbd2 O-O
9.O-O Rd8 10.Re1 Qh6  1/2-1/2

[Event "Masters"]
[Site "Singapore SIN"]
[Date "2006.12.30"]
[Round "9"]
[White "Le Quang Liem"]
[Black "Nadanian,A"]
[Result "1-0"]
[WhiteElo "2519"]
[BlackElo "2436"]

1.d4 d5 2.Nf3 e6 3.c4 c6 4.Qc2 Nf6 5.Bg5 Be7 6.Nbd2 Nbd7 7.e3 a6 8.Bd3 b5
9.b3 Bb7 10.O-O h6 11.Bh4 Rc8 12.c5 g5 13.Bg3 a5 14.e4 dxe4 15.Bxe4 Kf8 16.Ne5 Kg7
17.h3 Nf8 18.Qb2 Nd5 19.Bf3 h5 20.Rfe1 Rh6 21.Nd3 Ng6 22.Ne4 g4 23.Be2 gxh3
24.gxh3 Bh4 25.Bf3 Bxg3 26.fxg3 Qc7 27.h4 Rg8 28.a3 Kf8 29.Qd2 Rhh8 30.Kh1 Bc8
31.Nd6 Bd7 32.Qf2 Rg7 33.Rf1 Be8 34.Rae1 Qe7 35.Bxd5 cxd5 36.Nf5  1-0

[Event "zt 3.3"]
[Site "Phu Quoc VIE"]
[Date "2007.01.11"]
[Round "1"]
[White "Tran Thanh Tu"]
[Black "Le Quang Liem"]
[Result "0-1"]
[WhiteElo "2282"]
[BlackElo "2500"]

1.e4 c5 2.Nf3 e6 3.Nc3 d6 4.Bb5+ Bd7 5.Bxd7+ Qxd7 6.d4 cxd4 7.Nxd4 Nf6 8.Be3 Nc6
9.f4 Be7 10.Qf3 Nxd4 11.Bxd4 Qc6 12.O-O-O O-O 13.Rhe1 Rfc8 14.Qd3 Nd7 15.Kb1 a6
16.f5 b5 17.fxe6 fxe6 18.Qh3 Nf8 19.Qg4 e5 20.Be3 Qd7 21.Qxd7 Nxd7 22.Nd5 Bd8
23.c3 Kf7 24.Rd3 a5 25.b3 Ra6 26.Red1 Rac6 27.Kb2 Ke6 28.g4 h6 29.Rf1 Bg5
30.Bg1 Rg8 31.Rf5 a4 32.Bf2 axb3 33.axb3 Ra8 34.h4 Bf4 35.Nxf4+ exf4 36.Rxf4 Rca6
37.c4 Ne5 38.Rd1 bxc4 39.bxc4 Ra2+ 40.Kc3 R8a3+ 41.Kb4 Rd3 42.Rf1 Rb2+ 43.Ka4 Nxc4  0-1

[Event "zt 3.3"]
[Site "Phu Quoc VIE"]
[Date "2007.01.13"]
[Round "3"]
[White "So,W"]
[Black "Le Quang Liem"]
[Result "1/2-1/2"]
[WhiteElo "2451"]
[BlackElo "2500"]

1.e4 c5 2.Nf3 d6 3.d4 cxd4 4.Nxd4 Nf6 5.Nc3 a6 6.f4 e6 7.Qf3 Qb6 8.Nb3 Qc7
9.Bd3 b5 10.g4 Bb7 11.g5 Nfd7 12.Qh3 g6 13.Rf1 Bg7 14.f5 exf5 15.exf5 O-O
16.Be3 Re8 17.O-O-O b4 18.fxg6 hxg6 19.Rxf7 Kxf7 20.Qh7 Ne5 21.Bxg6+ Nxg6
22.Bd4 Ne5 23.Rf1+ Ke7 24.Bxe5 dxe5 25.Nc5 Bc6 26.Rd1 Kf8 27.Rf1+ Ke7 28.Rd1 Kf8
29.Rf1+ Ke7 30.g6 Kd8 31.Rf7 Qd6 32.Qxg7  1/2-1/2

[Event "zt 3.3"]
[Site "Phu Quoc VIE"]
[Date "2007.01.15"]
[Round "6"]
[White "Le Quang Liem"]
[Black "Laylo,D"]
[Result "1-0"]
[WhiteElo "2500"]
[BlackElo "2476"]

1.d4 d5 2.Nf3 Nf6 3.c4 c6 4.e3 g6 5.Nc3 Bg7 6.b4 O-O 7.Bb2 Bf5 8.Be2 Nbd7
9.O-O dxc4 10.Bxc4 Nb6 11.Bd3 Bxd3 12.Qxd3 a5 13.Ba3 axb4 14.Bxb4 Nfd5 15.Nxd5 Nxd5
16.Qb3 Nxb4 17.Qxb4 Ra7 18.a4 Qd6 19.Rab1 Rfa8 20.h3 Rxa4 21.Qxb7 c5 22.dxc5 Qxc5
23.Rfc1 Qd6 24.Rd1 Qf6 25.Rb6 R4a7 26.Qxa7 Rxa7 27.Rd8+ Bf8 28.Rxf6 exf6
29.g4 Ra5 30.Nd4 h5 31.Kg2 hxg4 32.hxg4 Ra7 33.Nb5 Ra5 34.Nd6 f5 35.gxf5 gxf5
36.Nc4 Rb5 37.Nd2 Kg7 38.Rd7 Kg6 39.Nf3 Ra5 40.Nd4 Bc5 41.Ne2 Kf6 42.Kf3 Ba3
43.Rb7 Ra6 44.Rb5 Bd6 45.Kg2 Bc7 46.Rc5 Bd6 47.Rd5 Bc7 48.Nd4 Ra5 49.Rd7 Rc5
50.Kf3 Be5 51.Ne2 Rc2 52.Rb7 Rb2 53.Ra7 Kg6 54.Ra6+ f6 55.Ra7 Rc2 56.Rd7 Rc7
57.Rd1 Rh7 58.Nc1 Rh3+ 59.Kg2 Rh2+ 60.Kf3 Rh3+ 61.Kg2 Rh2+ 62.Kg1 Rh4 63.f4 Bc7
64.Kg2 Bb6 65.Rd3 Kh5 66.Ne2 Kg4 67.Rd7 Rh8 68.Rg7+ Kh4 69.Kf3 Kh3 70.Rg1  1-0

[Event "zt 3.3"]
[Site "Phu Quoc VIE"]
[Date "2007.01.16"]
[Round "7"]
[White "Dimakiling,O"]
[Black "Le Quang Liem"]
[Result "0-1"]
[WhiteElo "2481"]
[BlackElo "2500"]

1.d4 Nf6 2.c4 e6 3.Nf3 b6 4.Bg5 Bb7 5.Nc3 h6 6.Bh4 Be7 7.Qc2 c5 8.e4 cxd4
9.Nxd4 O-O 10.Be2 Qc7 11.Bg3 d6 12.Ndb5 Qc5 13.Rd1 Rd8 14.f4 a6 15.Bf2 Qc8
16.Na3 Nbd7 17.O-O Qc7 18.Bf3 Rac8 19.Qe2 Re8 20.Rc1 Bf8 21.Qd2 Qb8 22.Rfe1 Qa8
23.Rcd1 Nc5 24.Qc2 Red8 25.Na4 Nxa4 26.Qxa4 Nxe4 27.Bxe4 Bxe4 28.Bxb6 Re8
29.Re2 e5 30.c5 Bc6 31.Qc4 Qb7 32.fxe5 dxe5 33.b4 Re6 34.Qb3 Rg6 35.Rdd2 Bf3
36.Rf2 Bg4 37.Qe3 Be7 38.Qxe5 Bh4 39.g3 Re6 40.Qd5 Bh3 41.Nc2 Rce8 42.Rf3 Qe7
43.Rdf2 Bf6 44.Qd3 Qb7 45.Re3 Rxe3 46.Nxe3 Bg5 47.Nc2 Qe7 48.g4 Bxg4 49.c6 Bh4
50.Rg2 Bh3 51.Qe3 Bxg2 52.Kxg2 Qf8 53.Qd3 Rb8 54.Bc7 Rc8 55.Qd7 Qe8 56.Qxe8+ Rxe8
57.Bb6 Re2+ 58.Kf3 Rxc2 59.c7 Rc6 60.Ke4 Re6+ 61.Kd5 Re8 62.Kc6 f5 63.Kd7 Kf7
64.a4 f4 65.c8=Q Rxc8 66.Kxc8 f3 67.Kb7 Be1 68.Kxa6 Bxb4 69.Bf2 Ke6 70.Kb5 Bd2
71.a5 Bxa5 72.Kxa5 Kf5 73.Kb5 Kg4 74.Kc4 Kh3 75.Be1 Kxh2 76.Kd3 Kg2 77.Ke3 g5
78.Bg3  0-1

[Event "zt 3.3"]
[Site "Phu Quoc VIE"]
[Date "2007.01.17"]
[Round "8"]
[White "Le Quang Liem"]
[Black "Mariano,N1"]
[Result "1/2-1/2"]
[WhiteElo "2500"]
[BlackElo "2422"]

1.d4 d5 2.c4 c6 3.Nf3 Nf6 4.e3 a6 5.Qc2 Bg4 6.Nbd2 e6 7.Bd3 Bd6 8.b3 Bh5
9.O-O Nbd7 10.Bb2 Qb8 11.h3 O-O 12.Rfe1 e5 13.cxd5 cxd5 14.dxe5 Rc8  1/2-1/2

[Event "zt 3.3"]
[Site "Phu Quoc VIE"]
[Date "2007.01.18"]
[Round "9"]
[White "Nouri,H"]
[Black "Le Quang Liem"]
[Result "1/2-1/2"]
[WhiteElo "2418"]
[BlackElo "2500"]

1.e4 c5 2.Nc3 a6 3.g3 Nc6 4.Bg2 g6 5.f4 Bg7 6.Nf3 d6 7.O-O Nf6 8.h3 O-O 9.d3 b5
10.g4 Bb7 11.Be3 Rc8 12.Qe1 b4 13.Ne2 c4 14.Qh4 cxd3 15.cxd3 a5 16.Rad1 Ba6
17.Rd2 Nd7 18.d4 e6 19.Qg3 Nf6 20.Nh2 Re8 21.g5 Nh5 22.Qf2 f6 23.gxf6 Bxf6
24.Bf3 Bh4 25.Qg2 Bxe2 26.Bxe2 Ng3 27.Rc1 Nxe2+ 28.Qxe2 d5 29.Rdc2 Qb6 30.Qg4 Bf6
31.e5 Bg7 32.Nf3 Ne7 33.Rxc8 Nxc8 34.Ng5 Qa6 35.Rc7 h5 36.Qd1 a4 37.Qc2 Ne7
38.Bf2 Bh6 39.Rxe7 Rxe7 40.Qxg6+ Bg7 41.f5 Qd3 42.Nxe6 Qb1+ 43.Kg2 Qe4+ 44.Kh2 Qc2
45.Kg2 Qe4+ 46.Kh2 Qc2  1/2-1/2

[Event "6th ch-Asia"]
[Site "Cebu City PHI"]
[Date "2007.09.20"]
[Round "2"]
[White "Filippov,An UZB"]
[Black "Le Quang Liem"]
[Result "1/2-1/2"]
[WhiteElo "2481"]
[BlackElo "2542"]

1.e4 c5 2.Nf3 e6 3.d4 cxd4 4.Nxd4 Nf6 5.Nc3 Nc6 6.Ndb5 Bb4 7.a3 Bxc3+ 8.Nxc3 d5
9.exd5 exd5 10.Bd3 O-O 11.O-O d4 12.Ne2 Bg4 13.f3 Bh5 14.Nf4 Bg6 15.Nxg6 hxg6
16.f4 Ne7 17.Qf3 Qb6 18.g4 Rfe8 19.Bd2 Qc6 20.h3 Qxf3 21.Rxf3 Nc6 22.Rd1 Re7
23.Rff1 Rae8 24.Rfe1 Ne4 25.Bc1 Kf8 26.Kg2 a6 27.Re2 Nc5 28.Rxe7 Rxe7 29.Bf1 b5
30.Kf3 Re6 31.Bd2 Na4 32.b3 Nc5 33.Re1 Ke7 34.Rxe6+ Kxe6 35.b4 Na4 36.Ke2 f5
37.Bg2 Kd6 38.Bf3 Nd8 39.Kd3 Ne6 40.Bb7 Nb2+ 41.Ke2 Nc4 42.Bc1 Nb6 43.Kd3 Kc7
44.Bf3 Kd6 45.Bb7 Kc7 46.Bxa6 fxg4 47.hxg4 Kc6 48.a4 Nxa4 49.Bc8 Nd8 50.g5 Kc7
51.Bg4 Nc6 52.Bd2 Nb2+ 53.Ke2 Nc4 54.c3 Kd6 55.Bf3 Ne7 56.cxd4 Nd5 57.Be4 Nxd2
58.Kxd2 Nxf4 59.Ke3 Ne6 60.Bxg6 Nxg5 61.Be8 Ne6 62.Bxb5 Kd5 63.Kd3  1/2-1/2

[Event "6th ch-Asia"]
[Site "Cebu City PHI"]
[Date "2007.09.21"]
[Round "3"]
[White "Le Quang Liem"]
[Black "Mahjoob,M"]
[Result "1-0"]
[WhiteElo "2542"]
[BlackElo "2479"]

1.e4 d6 2.d4 Nf6 3.Nc3 g6 4.f4 Bg7 5.Nf3 O-O 6.Bd3 c5 7.dxc5 dxc5 8.e5 Nd5
9.Nxd5 Qxd5 10.Qe2 Bf5 11.Bxf5 gxf5 12.O-O Na6 13.Be3 Rad8 14.Rfd1 Qc6 15.Bf2 Nc7
16.Nh4 e6 17.c4 b6 18.b3 Qa8 19.Nf3 Rxd1+ 20.Rxd1 Rd8 21.Bh4 Rxd1+ 22.Qxd1 Qc8
23.Qd6 Na6 24.Qe7 Nb8 25.Qxa7 Nd7 26.Bg3 Qc6 27.h4 Bf8 28.h5 Be7 29.Bh4 Bxh4
30.Nxh4 Kg7 31.Nf3 Kh6 32.Kf2 Kxh5 33.Kg3 Kg6 34.a3 h6 35.b4 cxb4 36.axb4 Qc8
37.Kh3 Kg7 38.Nd4 Kh8 39.Kg3 Kg8 40.Nb5 Qc6 41.Nd6 f6 42.Qa1 fxe5 43.fxe5 Qc7
44.Qd4 Qd8 45.Kf2 Kf8 46.Nxf5 exf5 47.e6 Qf6 48.Qxd7 Qh4+ 49.g3 Qh2+ 50.Kf1 Qh1+
51.Ke2 Qg2+ 52.Kd1 Qf1+ 53.Kd2 Qf2+ 54.Kc1 Qe1+ 55.Kc2 Qe4+ 56.Kb3 Kg8 57.e7  1-0

[Event "6th ch-Asia"]
[Site "Cebu City PHI"]
[Date "2007.09.22"]
[Round "4"]
[White "Zhao Jun"]
[Black "Le Quang Liem"]
[Result "1-0"]
[WhiteElo "2558"]
[BlackElo "2542"]

1.c4 e5 2.Nc3 Nf6 3.Nf3 Nc6 4.g3 Bc5 5.d3 d6 6.Bg2 a6 7.O-O O-O 8.a3 h6 9.b4 Ba7
10.Bb2 Be6 11.e3 Qd7 12.Rc1 Ne7 13.Qe2 Bh3 14.Rfd1 Rfe8 15.Qf1 Bxg2 16.Qxg2 Ng6
17.a4 c6 18.Ne4 Nh7 19.c5 d5 20.Nd6 Re7 21.e4 Bb8 22.Nf5 Re8 23.a5 Bc7 24.Bc3 Rad8
25.Qf1 Nf6 26.Qe2 Qe6 27.Re1 Rd7 28.Kg2 Red8 29.Bd2 Kf8 30.h3 dxe4 31.dxe4 Ne7
32.Nxe7 Kxe7 33.Rc3 Qa2 34.Bc1 Qxe2 35.Rxe2 Rd3 36.Rxd3 Rxd3 37.Bd2 Ke6 38.Ne1 Rb3
39.f3 Bd8 40.h4 Ne8 41.Re3 Rb2 42.Rd3 Be7 43.Kh3 g6 44.g4 h5 45.gxh5 gxh5
46.Ng2 f5 47.exf5+ Kxf5 48.Ne3+ Ke6 49.Nc4 Rc2 50.Ne3 Ra2 51.Nc4 Nc7 52.Re3 Bf6
53.Re4 Rc2 54.Nxe5 Kf5 55.Nc4 Nd5 56.Kg3 Kg6 57.Kh3 Kf5 58.Nd6+ Kg6 59.Be1 Bc3
60.Bxc3 Rxc3 61.Kg3 Rb3 62.Re6+ Kg7 63.Nxb7 Rxb4 64.Nd8 Rb5 65.Nxc6 Rxc5
66.Re5 Rxc6 67.Rxd5 Kg6 68.Rd7 Kf5 69.Rf7+ Ke5 70.Rg7 Rc1 71.Rg5+ Kf6 72.Rxh5 Kg7
73.Rd5 Ra1 74.Kg4 Ra4+ 75.Kg5 Ra1 76.f4 Rg1+ 77.Kf5 Ra1 78.h5 Ra2 79.Rd7+ Kg8
80.Kg6 Rg2+ 81.Kf6 Ra2 82.Rd5 Kh7 83.f5 Kh6 84.Ke7 Re2+ 85.Kf7 Kxh5 86.f6+ Kh6
87.Kf8 Re4 88.f7 Re6 89.Kg8 Re8+ 90.fxe8=R  1-0

[Event "6th ch-Asia"]
[Site "Cebu City PHI"]
[Date "2007.09.23"]
[Round "5"]
[White "Le Quang Liem"]
[Black "Deepan,C"]
[Result "0-1"]
[WhiteElo "2542"]
[BlackElo "2479"]

1.e4 e5 2.Nf3 Nc6 3.Bb5 a6 4.Ba4 Nf6 5.O-O Be7 6.Re1 b5 7.Bb3 O-O 8.h3 Bb7
9.d3 d6 10.a3 Qd7 11.Nc3 Rfe8 12.Ne2 Nd8 13.Ng3 Ne6 14.Nf5 Bf8 15.Ng5 d5
16.Nxe6 fxe6 17.Ng3 c5 18.Bg5 Qf7 19.Ba2 c4 20.b3 cxd3 21.exd5 Nxd5 22.Qxd3 Nf4
23.Bxf4 exf4 24.Ne4 Rad8 25.Qe2 Rd4 26.Ng5 Qg6 27.Qg4 Bd5 28.c4 h5 29.Qe2 Bxg2
30.Qe5 Bxh3 31.Bb1 Bf5 32.Bxf5 Qxg5+ 33.Kf1 exf5 34.Qxd4 Rd8 35.Qc3 Qg4 36.cxb5 axb5
37.f3 Qh3+ 38.Kg1 Rd2 39.Qxd2 Bc5+ 40.Qf2 Qg3+  0-1

[Event "6th ch-Asia"]
[Site "Cebu City PHI"]
[Date "2007.09.26"]
[Round "8"]
[White "Zhou Weiqi"]
[Black "Le Quang Liem"]
[Result "0-1"]
[WhiteElo "2469"]
[BlackElo "2542"]

1.e4 c5 2.Nf3 d6 3.d4 cxd4 4.Nxd4 Nf6 5.Nc3 a6 6.Be2 e5 7.Nb3 Be7 8.O-O O-O
9.Kh1 Be6 10.f4 exf4 11.Bxf4 Nc6 12.Qe1 Nd7 13.Rd1 Nde5 14.Nd5 Bh4 15.Qd2 h6
16.Ne3 Bf6 17.Nf5 Bxf5 18.exf5 Qd7 19.Be3 Rfe8 20.Bb6 Ne7 21.Qf4 Qc6 22.Bg1 Qxc2
23.Rd2 Qc7 24.Qb4 N5c6 25.Qg4 Rad8 26.Be3 Ne5 27.Qg3 Kf8 28.Qf2 Rc8 29.Rfd1 Nc4
30.Bxc4 Qxc4 31.Rxd6 Qg4 32.Bc5 Kg8 33.Rf1 Nxf5 34.Rd2 Re5 35.Bd4 Nxd4 36.Nxd4 Rce8
37.h3 Qg6 38.Nf5 b5 39.b3 h5 40.a4 bxa4 41.bxa4 Qg5 42.Rc2 Rd5 43.Qf3 Ree5
44.g4 h4 45.Rc6 Rd2 46.Nd6 Ree2 47.Rc8+ Kh7 48.Rh8+ Kxh8 49.Nxf7+ Kg8 50.Nxg5 Rh2+
51.Kg1 Bd4+ 52.Rf2 Rhxf2 53.Qd5+ Kh8  0-1

[Event "6th ch-Asia"]
[Site "Cebu City PHI"]
[Date "2007.09.28"]
[Round "10"]
[White "Le Quang Liem"]
[Black "Laylo,D"]
[Result "0-1"]
[WhiteElo "2542"]
[BlackElo "2486"]

1.e4 d5 2.exd5 Nf6 3.Nf3 Nxd5 4.d4 Bf5 5.Nh4 Bd7 6.c4 Nf6 7.Nc3 e6 8.Be3 c5
9.Nf3 cxd4 10.Nxd4 Be7 11.Be2 Nc6 12.Ndb5 O-O 13.O-O a6 14.Nd6 Qc7 15.c5 Rfd8
16.Nc4 Rab8 17.Nb6 Ne5 18.Qd4 Bb5 19.Nxb5 axb5 20.Qf4 Bxc5 21.Rac1 Bxe3 22.Qxe3 Nc6
23.Rfd1 Rxd1+ 24.Bxd1 Rd8 25.Bf3 b4 26.h3 h6 27.Qc5 Qf4 28.Qe3 Qd6 29.Nc4 Qc7
30.Bxc6 Qxc6 31.Ne5 Qa4 32.Qb3 Qb5 33.Qe3 Qd5 34.Rc4 b5 35.Rc5 Qxa2 36.b3 Nd5
37.Qg3 Qa7 38.Rc6 Qd4 39.Kh2 Nf4 40.Nxf7 Kxf7 41.Rc7+ Kg8 42.Rb7 Qe5  0-1

[Event "6th ch-Asia"]
[Site "Cebu City PHI"]
[Date "2007.09.29"]
[Round "11"]
[White "Rohit,G"]
[Black "Le Quang Liem"]
[Result "1-0"]
[WhiteElo "2470"]
[BlackElo "2542"]

1.e4 c5 2.Nf3 e6 3.d4 cxd4 4.Nxd4 Nf6 5.Nc3 Nc6 6.Nxc6 bxc6 7.e5 Nd5 8.Ne4 Qc7
9.f4 Qa5+ 10.Bd2 Qb6 11.Bd3 Be7 12.Qe2 f5 13.exf6 gxf6 14.c4 f5 15.Qh5+ Kd8
16.cxd5 fxe4 17.Qe5 Rf8 18.d6 Bh4+ 19.g3 Bf6 20.Qxe4 Bb7 21.Qa4 Kc8 22.Ke2 a5
23.Rac1 e5 24.Qb3 Qxb3 25.axb3 Re8 26.Rhe1 a4 27.Bc3 axb3 28.fxe5 Ra2 29.Bc4 Rxe5+
30.Kd3 Rf5 31.Bxf6 Ba6 32.Bxa6+ Rxa6 33.Be5  1-0